[Event "World Youth U-16 Olympiad 2018"]
[Site "Konya"]
[Date "2018.11.25"]
[Round "1"]
[White "Kara, Yanki"]
[Black "Igisinova, Liya"]
[Result "1-0"]
[WhiteElo "2212"]
[BlackElo "1482"]
[Annotator "NA"]
[PlyCount "39"]
[EventDate "2018.11.25"]
[EventType "team-tourn"]
[EventCountry "TUR"]
[SourceTitle "playchess.com"]
[Source "ChessBase"]
[SourceQuality "1"]
[WhiteTeam "Turkey"]
[BlackTeam "Kazakhstan"]
[WhiteTeamCountry "TUR"]
[BlackTeamCountry "KAZ"]

1. Nf3 d5 2. g3 Nf6 3. Bg2 c5 4. O-O Nc6 5. d4 Bf5 6. c4 cxd4 7. Nxd4 Nxd4 8. Qxd4 dxc4 9. Qxc4 Qd7 10. Nc3 e6 11. Rd1 Rc8 12. Rxd7 Rxc4 13. Rxb7 a5 14. Rb8+ Kd7 15. Bf4 Rd4 16. Nb5 Rb4 17. Rb7+ Ke8 18. Bc6+ Kd8 19. Rb8+ Ke7 20. Bd6# 1-0

[Event "World Youth U-16 Olympiad 2018"]
[Site "Konya"]
[Date "2018.11.25"]
[Round "1"]
[White "Beydullayeva, Govhar"]
[Black "Fernandes, Ricardo Paulos"]
[Result "1-0"]
[WhiteElo "2202"]
[BlackElo "2096"]
[Annotator "NA"]
[PlyCount "109"]
[EventDate "2018.11.25"]
[EventType "team-tourn"]
[EventCountry "TUR"]
[SourceTitle "playchess.com"]
[Source "ChessBase"]
[SourceQuality "1"]
[WhiteTeam "Azerbaijan"]
[BlackTeam "Portugal"]
[WhiteTeamCountry "AZE"]
[BlackTeamCountry "POR"]

1. d4 Nf6 2. c4 g6 3. Nf3 Bg7 4. g3 O-O 5. Bg2 d6 6. O-O c6 7. Nc3 Nbd7 8. e4 Qc7 9. h3 e5 10. Be3 exd4 11. Nxd4 Re8 12. Re1 Nc5 13. Qc2 a5 14. Rad1 Bd7 15. f4 Rad8 16. g4 Bc8 17. a3 Qb6 18. Bf2 Nfd7 19. Re2 Qa6 20. b3 a4 21. b4 Qxc4 22. bxc5 dxc5 23. Na2 Nb6 24. Rb1 cxd4 25. Rxb6 Qxc2 26. Rxc2 d3 27. Rd2 Be6 28. Rb1 Bxa2 29. Rxa2 d2 30. Rd1 Bc3 31. Be3 f5 32. gxf5 gxf5 33. e5 Rd3 34. Kf2 Bd4 35. Bxd4 Rxd4 36. Ke3 Rd7 37. Raxd2 Rg7 38. Kf2 h5 39. Rd8 Kf8 40. R8d6 h4 41. Rf6+ Kg8 42. Rxf5 Rf8 43. Rxf8+ Kxf8 44. f5 Rg5 45. Be4 b5 46. Kf3 b4 47. axb4 a3 48. Kf4 Rg3 49. e6 Ke7 50. Ke5 Rg5 51. Rd7+ Ke8 52. Ra7 a2 53. Bxc6+ Kf8 54. e7+ Kg7 55. e8=Q+ 1-0

[Event "World Youth U-16 Olympiad 2018"]
[Site "Konya"]
[Date "2018.11.25"]
[Round "1"]
[White "Garcia de Dios, Jose Antonio"]
[Black "Degraeve, Remy"]
[Result "1-0"]
[WhiteElo "2194"]
[BlackElo "2384"]
[Annotator "NA"]
[PlyCount "91"]
[EventDate "2018.11.25"]
[EventType "team-tourn"]
[EventCountry "TUR"]
[SourceTitle "playchess.com"]
[Source "ChessBase"]
[SourceQuality "1"]
[WhiteTeam "Mexico"]
[BlackTeam "France"]
[WhiteTeamCountry "MEX"]
[BlackTeamCountry "FRA"]

1. d4 d6 2. Nf3 g6 3. g3 Bg7 4. Bg2 e5 5. dxe5 dxe5 6. Qxd8+ Kxd8 7. e4 Nd7 8. O-O c6 9. b3 f6 10. Nbd2 Kc7 11. Bb2 Nh6 12. Rfe1 Nf7 13. a4 b6 14. Nc4 a6 15. Bh3 Rb8 16. Ba3 Bf8 17. Bxf8 Rxf8 18. Rad1 b5 19. axb5 axb5 20. Nb2 Nd6 21. Nd3 Ra8 22. Nd2 Rd8 23. Ra1 Rxa1 24. Rxa1 Kb6 25. Ra8 Nc5 26. Nxc5 Kxc5 27. c3 b4 28. cxb4+ Kxb4 29. Rb8+ Kc3 30. Nf1 Re8 31. Rb6 c5 32. Bxc8 Nxc8 33. Rc6 Kb4 34. Ne3 Rf8 35. Nd5+ Kb5 36. Rc7 Nd6 37. f3 f5 38. Rd7 Nf7 39. h4 Nd8 40. Kg2 Ne6 41. Rxh7 fxe4 42. fxe4 Rb8 43. Rh6 Nf8 44. Rh8 Ra8 45. Kh3 c4 46. Nc7+ 1-0

[Event "World Youth U-16 Olympiad 2018"]
[Site "Konya"]
[Date "2018.11.25"]
[Round "1"]
[White "Nalbant, Tuna Onat"]
[Black "Zane, Rayane"]
[Result "1-0"]
[WhiteElo "2194"]
[BlackElo "1793"]
[Annotator "NA"]
[PlyCount "59"]
[EventDate "2018.11.25"]
[EventType "team-tourn"]
[EventCountry "TUR"]
[SourceTitle "playchess.com"]
[Source "ChessBase"]
[SourceQuality "1"]
[WhiteTeam "Turkey"]
[BlackTeam "Algeria"]
[WhiteTeamCountry "TUR"]
[BlackTeamCountry "ALG"]

1. e4 c5 2. Nf3 d6 3. d4 cxd4 4. Nxd4 Nf6 5. Nc3 a6 6. h3 e6 7. g4 Be7 8. Bg2 Qc7 9. O-O Nc6 10. Be3 Ne5 11. Nce2 O-O 12. f4 Nc6 13. Nxc6 bxc6 14. f5 d5 15. g5 Nxe4 16. f6 Bc5 17. Bxc5 Nxc5 18. fxg7 Rd8 19. Nf4 Qe5 20. Nh5 Qxg5 21. Nf6+ Kxg7 22. Qd4 e5 23. Qxc5 Bxh3 24. Rf2 Rac8 25. Qe7 h6 26. Nh5+ Qxh5 27. Bxh3 Rb8 28. Rg2+ Kh7 29. Qf6 Rg8 30. Bf5+ 1-0

[Event "World Youth U-16 Olympiad 2018"]
[Site "Konya"]
[Date "2018.11.25"]
[Round "1"]
[White "Bekasovs, Rihards"]
[Black "Chrysogelou, Athanasia-Panagiota"]
[Result "1-0"]
[WhiteElo "2182"]
[BlackElo "1729"]
[Annotator "NA"]
[PlyCount "71"]
[EventDate "2018.11.25"]
[EventType "team-tourn"]
[EventCountry "TUR"]
[SourceTitle "playchess.com"]
[Source "ChessBase"]
[SourceQuality "1"]
[WhiteTeam "Latvia"]
[BlackTeam "Greece"]
[WhiteTeamCountry "LAT"]
[BlackTeamCountry "GRE"]

1. Nf3 Nf6 2. c4 c5 3. Nc3 Nc6 4. g3 d5 5. cxd5 Nxd5 6. Bg2 Nc7 7. O-O e5 8. d3 Be7 9. Ne1 O-O 10. Bxc6 bxc6 11. Nc2 Bh3 12. Re1 Nd5 13. Ne3 Qd7 14. Qa4 Nxc3 15. bxc3 Rab8 16. Ba3 Rb5 17. Nc4 Qd5 18. f3 Ra8 19. Bc1 Be6 20. Be3 f5 21. Nd2 Qd7 22. c4 Rbb8 23. Qa5 Qd6 24. Rab1 Rxb1 25. Rxb1 Bc8 26. Nb3 f4 27. Bxc5 Qd7 28. Bxe7 Qxe7 29. Qc5 Qc7 30. Nd2 Bd7 31. Ne4 Rb8 32. Rxb8+ Qxb8 33. Kf2 Kf7 34. gxf4 exf4 35. d4 Qb7 36. Nd6+ 1-0

[Event "World Youth U-16 Olympiad 2018"]
[Site "Konya"]
[Date "2018.11.25"]
[Round "1"]
[White "Song, Yuxin"]
[Black "Murzin, Volodar"]
[Result "1/2-1/2"]
[WhiteElo "2178"]
[BlackElo "2340"]
[Annotator "NA"]
[PlyCount "69"]
[EventDate "2018.11.25"]
[EventType "team-tourn"]
[EventCountry "TUR"]
[SourceTitle "playchess.com"]
[Source "ChessBase"]
[SourceQuality "1"]
[WhiteTeam "CHN"]
[BlackTeam "RUS"]
[WhiteTeamCountry "CHN"]
[BlackTeamCountry "RUS"]

1. e4 c5 2. Nf3 d6 3. Bb5+ Nd7 4. d4 cxd4 5. Qxd4 a6 6. Bxd7+ Bxd7 7. c4 Nf6 8. Bg5 e6 9. Nc3 h6 10. Bh4 Be7 11. O-O O-O 12. Qd3 Qc7 13. Rfd1 Rfd8 14. b3 Rac8 15. a4 Be8 16. Rac1 Ng4 17. Bxe7 Qxe7 18. h3 Ne5 19. Qe3 Nxf3+ 20. Qxf3 Qc7 21. Qe3 Qa5 22. Rd3 b5 23. cxb5 axb5 24. Nxb5 Rxc1+ 25. Qxc1 Bxb5 26. axb5 Qxb5 27. Qc4 Qa5 28. Qc3 Qa7 29. Rg3 e5 30. Qf3 Qe7 31. Qg4 Qf6 32. Rf3 Qe7 33. Rg3 Qf6 34. Rf3 Qe7 35. b4 1/2-1/2

[Event "World Youth U-16 Olympiad 2018"]
[Site "Konya"]
[Date "2018.11.25"]
[Round "1"]
[White "Schneider, Jana"]
[Black "Di, Xu Wei"]
[Result "1-0"]
[WhiteElo "2163"]
[BlackElo "1947"]
[Annotator "NA"]
[PlyCount "91"]
[EventDate "2018.11.25"]
[EventType "team-tourn"]
[EventCountry "TUR"]
[SourceTitle "playchess.com"]
[Source "ChessBase"]
[SourceQuality "1"]
[WhiteTeam "Germany"]
[BlackTeam "Malaysia"]
[WhiteTeamCountry "GER"]
[BlackTeamCountry "MAS"]

1. e4 c5 2. Nf3 d6 3. d4 cxd4 4. Nxd4 Nf6 5. Nc3 g6 6. Be3 Bg7 7. f3 O-O 8. Bc4 Nc6 9. Qd2 Bd7 10. O-O-O Rc8 11. Bb3 Ne5 12. Kb1 Nc4 13. Bxc4 Rxc4 14. g4 b5 15. b3 Rc8 16. Ndxb5 Qa5 17. a4 a6 18. Nd5 Qxd2 19. Nxe7+ Kh8 20. Rxd2 axb5 21. Nxc8 Rxc8 22. g5 Ne8 23. axb5 Bxb5 24. c4 Bd7 25. Bd4 Rb8 26. Kc2 Ra8 27. Kb2 Be6 28. Ra1 Bxd4+ 29. Rxd4 Rxa1 30. Kxa1 Kg7 31. b4 Kf8 32. Kb2 Ke7 33. Kc3 Kd7 34. b5 Kc7 35. Kb4 Bc8 36. Rd3 Ng7 37. e5 dxe5 38. c5 Bd7 39. b6+ Kc8 40. b7+ Kxb7 41. Rxd7+ Kc6 42. Rxf7 Ne6 43. Rf6 Kd5 44. Rxe6 Kxe6 45. c6 Kd6 46. Kb5 1-0

[Event "World Youth U-16 Olympiad 2018"]
[Site "Konya"]
[Date "2018.11.25"]
[Round "1"]
[White "Caputcuoglu, Zeki Berke"]
[Black "Brodsky, David"]
[Result "1/2-1/2"]
[WhiteElo "2156"]
[BlackElo "2415"]
[Annotator "TA"]
[PlyCount "101"]
[EventDate "2018.11.25"]
[EventType "team-tourn"]
[EventCountry "TUR"]
[SourceTitle "playchess.com"]
[Source "ChessBase"]
[SourceQuality "1"]
[WhiteTeam "Turkey"]
[BlackTeam "United States"]
[WhiteTeamCountry "TUR"]
[BlackTeamCountry "USA"]

1. e4 e5 2. Nf3 Nc6 3. Nc3 Nf6 4. Bb5 Bd6 5. O-O O-O 6. d3 a6 7. Ba4 h6 8. Ne2 b5 9. Bb3 Re8 10. c3 Bf8 11. Ng3 d5 12. Qe2 Be6 13. Rd1 Qd7 14. h3 Rad8 15. Be3 Qc8 16. Nh4 g6 17. Qf3 dxe4 18. dxe4 Nh7 19. Qe2 Na5 20. Bxe6 Qxe6 21. b3 Nb7 22. Qc2 h5 23. Nf3 Bc5 24. Nf1 Bxe3 25. Nxe3 Nf6 26. c4 c6 27. c5 a5 28. a3 Rxd1+ 29. Nxd1 Ra8 30. a4 b4 31. Nb2 Rd8 32. Ne1 Rd4 33. f3 Nd7 34. Ned3 Qe7 35. Rc1 Qg5 36. Rd1 Ndxc5 37. Nxc5 Qe3+ 38. Kh2 Rxd1 39. Qxd1 Nxc5 40. Nc4 Qxb3 41. Qd8+ Kh7 42. Nxa5 Qe6 43. Qb6 Nd3 44. Nxc6 Qf6 45. a5 Qf4+ 46. Kg1 Qc1+ 47. Kh2 Qf4+ 48. Kg1 Qc1+ 49. Kh2 Qf4+ 50. Kg1 Qc1+ 51. Kh2 1/2-1/2

[Event "World Youth U-16 Olympiad 2018"]
[Site "Konya"]
[Date "2018.11.25"]
[Round "1"]
[White "Juhasz, Agoston"]
[Black "Saparova, Sitora"]
[Result "0-1"]
[WhiteElo "2139"]
[BlackElo "1848"]
[Annotator "NA"]
[PlyCount "76"]
[EventDate "2018.11.25"]
[EventType "team-tourn"]
[EventCountry "TUR"]
[SourceTitle "playchess.com"]
[Source "ChessBase"]
[SourceQuality "1"]
[WhiteTeam "HUN"]
[BlackTeam "UZB"]
[WhiteTeamCountry "HUN"]
[BlackTeamCountry "UZB"]

1. e4 e5 2. Nf3 Nc6 3. Nc3 Nf6 4. Bb5 d6 5. d4 exd4 6. Qxd4 Bd7 7. Bxc6 Bxc6 8. Bf4 Be7 9. O-O-O O-O 10. h4 Ng4 11. Qd2 Bf6 12. Nd4 Bxd4 13. Qxd4 Qf6 14. Qd2 b5 15. f3 Ne5 16. Bg5 Qe6 17. b3 a5 18. Ne2 a4 19. Nd4 Qd7 20. Bf6 axb3 21. axb3 gxf6 22. Nf5 Ng4 23. Qf4 Kh8 24. Qxg4 Rg8 25. Qf4 Rxg2 26. Ne3 Rg7 27. Qxf6 Qe6 28. Qc3 Qh6 29. Kb2 Bd7 30. Nd5 c5 31. Nf6 b4 32. Qd3 Qxf6+ 33. Kc1 Ra1+ 34. Kd2 Rg2+ 35. Ke1 Rxd1+ 36. Qxd1 Qc3+ 37. Kf1 Rxc2 38. Qxd6 Qxf3+ 0-1

[Event "World Youth U-16 Olympiad 2018"]
[Site "Konya"]
[Date "2018.11.25"]
[Round "1"]
[White "Marn, Jan"]
[Black "Baidetskyi, Valentin"]
[Result "0-1"]
[WhiteElo "2125"]
[BlackElo "2398"]
[Annotator "NA"]
[PlyCount "50"]
[EventDate "2018.11.25"]
[EventType "team-tourn"]
[EventCountry "TUR"]
[SourceTitle "playchess.com"]
[Source "ChessBase"]
[SourceQuality "1"]
[WhiteTeam "Slovenia"]
[BlackTeam "Ukraine"]
[WhiteTeamCountry "SLO"]
[BlackTeamCountry "UKR"]

1. d4 Nf6 2. c4 c5 3. d5 e5 4. Nc3 d6 5. e4 g6 6. g3 Bg7 7. Bg2 O-O 8. Nge2 Nh5 9. O-O Nd7 10. Be3 f5 11. exf5 gxf5 12. f4 exf4 13. gxf4 Ndf6 14. Qd3 Bd7 15. Kh1 Ng4 16. Bd2 Qh4 17. Qh3 Qxh3 18. Bxh3 a6 19. Rae1 Rae8 20. Nd1 b5 21. Ng3 Nxg3+ 22. hxg3 Nf6 23. Nc3 b4 24. Ne2 Nh5 25. b3 Rxe2 0-1

[Event "World Youth U-16 Olympiad 2018"]
[Site "Konya"]
[Date "2018.11.25"]
[Round "1"]
[White "Khachatryan, Anna"]
[Black "Tezayak, Matthias"]
[Result "0-1"]
[WhiteElo "2121"]
[BlackElo "1887"]
[Annotator "NA"]
[PlyCount "78"]
[EventDate "2018.11.25"]
[EventType "team-tourn"]
[EventCountry "TUR"]
[SourceTitle "playchess.com"]
[Source "ChessBase"]
[SourceQuality "1"]
[WhiteTeam "Armenia"]
[BlackTeam "Switzerland"]
[WhiteTeamCountry "ARM"]
[BlackTeamCountry "SUI"]

1. Nf3 d5 2. g3 Nf6 3. Bg2 c6 4. O-O Bf5 5. d3 e6 6. c4 Be7 7. cxd5 exd5 8. Qb3 Qb6 9. Qc2 O-O 10. Nc3 h6 11. e4 dxe4 12. dxe4 Bh7 13. Be3 Qa6 14. h3 Nbd7 15. Rfd1 Rfe8 16. Nd4 Bf8 17. Nb3 b5 18. f3 b4 19. Ne2 c5 20. a3 c4 21. Nbd4 bxa3 22. bxa3 Rac8 23. Nc3 Ne5 24. Qa4 Qxa4 25. Nxa4 c3 26. Rdc1 Nc4 27. Bf2 Nxa3 28. Rxc3 Rxc3 29. Nxc3 Rc8 30. Ncb5 Nxb5 31. Nxb5 a6 32. Nd4 Ra8 33. e5 Nd7 34. f4 Rb8 35. Bf3 Nc5 36. Ra2 Ne4 37. Ne2 Rb1+ 38. Kg2 Rb6 39. Nc3 Bc5 0-1

[Event "World Youth U-16 Olympiad 2018"]
[Site "Konya"]
[Date "2018.11.25"]
[Round "1"]
[White "Santos, Jose Guilherme B Li"]
[Black "Garayev, Kanan"]
[Result "1-0"]
[WhiteElo "2113"]
[BlackElo "2406"]
[Annotator "NA"]
[PlyCount "153"]
[EventDate "2018.11.25"]
[EventType "team-tourn"]
[EventCountry "TUR"]
[SourceTitle "playchess.com"]
[Source "ChessBase"]
[SourceQuality "1"]
[WhiteTeam "Portugal"]
[BlackTeam "Azerbaijan"]
[WhiteTeamCountry "POR"]
[BlackTeamCountry "AZE"]

1. e4 e5 2. Nf3 Nc6 3. Bb5 a6 4. Ba4 Nf6 5. O-O b5 6. Bb3 Bc5 7. a4 Rb8 8. axb5 axb5 9. Nxe5 Nxe5 10. d4 Bxd4 11. Qxd4 d6 12. f4 Ng6 13. e5 dxe5 14. Qxd8+ Kxd8 15. fxe5 Nxe5 16. Bg5 h6 17. Bh4 Rb6 18. Nc3 Bb7 19. Bf2 Rd6 20. Nxb5 Rd2 21. Rad1 Rxd1 22. Rxd1+ Kc8 23. Bg3 Re8 24. Re1 Ne4 25. Ba4 f6 26. Na7+ Kd8 27. Bxe8 Kxe8 28. Bxe5 fxe5 29. Nb5 Kd7 30. Nc3 Nxc3 31. bxc3 Ke6 32. Kf2 Bc6 33. Re2 Bb5 34. Rd2 Ba4 35. Ke3 Bc6 36. g3 Ke7 37. Rd1 Ba4 38. Rc1 Ke6 39. c4 Kd6 40. Kd3 Be8 41. Rf1 Bg6+ 42. Kc3 Ke7 43. Ra1 Bf5 44. Ra7 Kd6 45. Ra8 g6 46. Rd8+ Ke7 47. Rh8 h5 48. c5 Kd7 49. Rh7+ Kc6 50. Re7 Kxc5 51. Rxe5+ Kd6 52. Re2 Kd5 53. Kd2 Kd4 54. Rf2 Ke4 55. Rf4+ Kd5 56. Ra4 c5 57. Kc3 Bd7 58. Ra7 Bf5 59. Kb3 Be6 60. Kc3 Bf5 61. Ra8 Ke4 62. Rd8 Kf3 63. Rd5 Be6 64. Rd2 c4 65. Rd6 Bf5 66. Rd2 Be6 67. Kd4 g5 68. Ke5 Bg8 69. Kf6 h4 70. gxh4 gxh4 71. c3 Bh7 72. Rd4 Bd3 73. Rxh4 Ke3 74. Ke5 Bf1 75. Rg4 Bd3 76. h4 Be2 77. Re4+ 1-0

[Event "World Youth U-16 Olympiad 2018"]
[Site "Konya"]
[Date "2018.11.25"]
[Round "1"]
[White "Bulatova, Kamaliya"]
[Black "Li, Wenxiang"]
[Result "1-0"]
[WhiteElo "2108"]
[BlackElo "2172"]
[Annotator "NA"]
[PlyCount "87"]
[EventDate "2018.11.25"]
[EventType "team-tourn"]
[EventCountry "TUR"]
[SourceTitle "playchess.com"]
[Source "ChessBase"]
[SourceQuality "1"]
[WhiteTeam "RUS"]
[BlackTeam "CHN"]
[WhiteTeamCountry "RUS"]
[BlackTeamCountry "CHN"]

1. d4 Nf6 2. c4 c6 3. Nc3 d5 4. cxd5 cxd5 5. Bf4 Nc6 6. e3 a6 7. Bd3 Bg4 8. Nge2 e6 9. O-O Bd6 10. f3 Bh5 11. Rc1 Bg6 12. a3 O-O 13. Na4 e5 14. dxe5 Nxe5 15. Bxg6 Nxg6 16. Bg5 Re8 17. Nac3 h6 18. Bxf6 Qxf6 19. Nxd5 Qxb2 20. Rb1 Qxa3 21. Rxb7 Rab8 22. Rxb8 Bxb8 23. e4 Ne5 24. Nec3 Qc5+ 25. Kh1 Nc4 26. Qa4 Re6 27. Rb1 Be5 28. Qd7 Na5 29. f4 Bxc3 30. Rb8+ Kh7 31. Qxf7 Bf6 32. Nxf6+ Rxf6 33. Qg8+ Kg6 34. f5+ Kh5 35. Rb1 Qe7 36. Qd5 Nc6 37. Qd1+ Kg5 38. Qd2+ Kh5 39. g4+ Kxg4 40. Rg1+ Kf3 41. Qd3+ Kf4 42. Rf1+ Kg5 43. Qg3+ Kh5 44. Rf4 1-0

[Event "World Youth U-16 Olympiad 2018"]
[Site "Konya"]
[Date "2018.11.25"]
[Round "1"]
[White "Liyanage, Ranindu Dilshan"]
[Black "Asadi, Motahare"]
[Result "1-0"]
[WhiteElo "2100"]
[BlackElo "2216"]
[Annotator "NA"]
[PlyCount "61"]
[EventDate "2018.11.25"]
[EventType "team-tourn"]
[EventCountry "TUR"]
[SourceTitle "playchess.com"]
[Source "ChessBase"]
[SourceQuality "1"]
[WhiteTeam "Sri Lanka"]
[BlackTeam "Iran"]
[WhiteTeamCountry "SRI"]
[BlackTeamCountry "IRI"]

1. e4 c5 2. Nf3 e6 3. d4 cxd4 4. Nxd4 a6 5. c4 Nf6 6. Nc3 Qc7 7. Be2 b6 8. O-O Bb7 9. f3 d6 10. Be3 Be7 11. Rc1 O-O 12. a3 Nbd7 13. b4 Rac8 14. Qe1 Rfe8 15. Qf2 Qb8 16. Rfd1 Bd8 17. g4 h6 18. h4 d5 19. exd5 exd5 20. Nf5 dxc4 21. g5 hxg5 22. hxg5 Re5 23. Bf4 Nh5 24. Bh2 Qa8 25. Bxe5 Nxe5 26. Qe3 Nxf3+ 27. Bxf3 Bxf3 28. Rf1 Bg4 29. Nh6+ Kh7 30. Nxg4 b5 31. Qe4+ 1-0

[Event "World Youth U-16 Olympiad 2018"]
[Site "Konya"]
[Date "2018.11.25"]
[Round "1"]
[White "Li, William"]
[Black "Gorshtein, Ido"]
[Result "1/2-1/2"]
[WhiteElo "2077"]
[BlackElo "2390"]
[Annotator "NA"]
[PlyCount "81"]
[EventDate "2018.11.25"]
[EventType "team-tourn"]
[EventCountry "TUR"]
[SourceTitle "playchess.com"]
[Source "ChessBase"]
[SourceQuality "1"]
[WhiteTeam "Canada"]
[BlackTeam "Israel"]
[WhiteTeamCountry "CAN"]
[BlackTeamCountry "ISR"]

1. d4 Nf6 2. c4 e6 3. Nf3 d5 4. e3 Be7 5. Qc2 O-O 6. Nbd2 b6 7. cxd5 exd5 8. Bd3 Bb7 9. O-O Nbd7 10. Ne5 c5 11. Ndf3 c4 12. Bf5 g6 13. Bh3 Bd6 14. a4 a6 15. b3 b5 16. Bb2 Nb6 17. axb5 axb5 18. Rxa8 Bxa8 19. Ng5 Ne4 20. Nxe4 dxe4 21. bxc4 bxc4 22. Nxc4 Qc7 23. Rc1 Nxc4 24. Qxc4 Bxh2+ 25. Kh1 Qxc4 26. Rxc4 Bd6 27. Bd7 Bd5 28. Rc8 f5 29. Bc1 Rxc8 30. Bxc8 Bb4 31. Kg1 Kf7 32. Ba6 h5 33. Be2 h4 34. g3 g5 35. Kg2 Kg6 36. gxh4 gxh4 37. Kh3 Kg5 38. f4+ exf3 39. e4+ Kf6 40. Bxf3 fxe4 41. Bxe4 1/2-1/2

[Event "World Youth U-16 Olympiad 2018"]
[Site "Konya"]
[Date "2018.11.25"]
[Round "1"]
[White "Easwaralingam, Adesh"]
[Black "Bugdayci, Yuksel"]
[Result "1-0"]
[WhiteElo "2075"]
[BlackElo "1299"]
[Annotator "NA"]
[PlyCount "74"]
[EventDate "2018.11.25"]
[EventType "team-tourn"]
[EventCountry "TUR"]
[SourceTitle "playchess.com"]
[Source "ChessBase"]
[SourceQuality "1"]
[WhiteTeam "Denmark"]
[BlackTeam "Turkey"]
[WhiteTeamCountry "DEN"]
[BlackTeamCountry "TUR"]

1. e4 c6 2. Nc3 d5 3. Nf3 dxe4 4. Nxe4 Bf5 5. Ng3 Bg6 6. h4 h6 7. Ne5 Qd6 8. d4 Nd7 9. Nxg6 Qxg6 10. Bd3 Qd6 11. c3 e6 12. a4 Ngf6 13. Qe2 Be7 14. Bc2 Qc7 15. a5 Rc8 16. O-O O-O 17. Ne4 Nxe4 18. Qxe4 Nf6 19. Qf3 c5 20. dxc5 Qxc5 21. Be3 Qb5 22. Bd4 Qd5 23. Qe2 a6 24. Rfd1 Qh5 25. Qxh5 Nxh5 26. Be4 Bxh4 27. Bf3 Nf6 28. Bxb7 Rb8 29. Bxa6 Nd5 30. b4 Nc7 31. Be2 Nd5 32. Bf3 Rfd8 33. a6 Rdc8 34. a7 Ra8 35. b5 Bd8 36. b6 Bxb6 37. Bxb6 Nxb6 1-0

[Event "World Youth U-16 Olympiad 2018"]
[Site "Konya"]
[Date "2018.11.25"]
[Round "1"]
[White "Srdanovic, Jovana"]
[Black "Heidarsson, Arnar"]
[Result "1-0"]
[WhiteElo "2072"]
[BlackElo "1850"]
[Annotator "NA"]
[PlyCount "73"]
[EventDate "2018.11.25"]
[EventType "team-tourn"]
[EventCountry "TUR"]
[SourceTitle "playchess.com"]
[Source "ChessBase"]
[SourceQuality "1"]
[WhiteTeam "Serbia"]
[BlackTeam "Iceland"]
[WhiteTeamCountry "SRB"]
[BlackTeamCountry "ISL"]

1. d4 Nf6 2. c4 e6 3. Nc3 Bb4 4. e3 O-O 5. Nge2 b6 6. f3 d5 7. a3 Bxc3+ 8. Nxc3 Bb7 9. cxd5 exd5 10. Bd3 c5 11. O-O Nc6 12. Ne2 Re8 13. Bd2 Qd7 14. Rc1 cxd4 15. exd4 Rac8 16. Bg5 Qe6 17. Kh1 h6 18. Bd2 Ne7 19. Ng3 Qd7 20. Bc3 Bc6 21. Re1 g6 22. Qd2 Kg7 23. Qf4 Neg8 24. Rg1 Re6 25. Rcd1 Bb5 26. Bb1 Qd6 27. Qc1 h5 28. Bf5 h4 29. Bxe6 fxe6 30. Nf1 h3 31. Ng3 hxg2+ 32. Rxg2 a5 33. Qg5 Ne7 34. Bd2 Rh8 35. Bf4 Qd8 36. Be5 Qf8 37. Nh5+ 1-0

[Event "World Youth U-16 Olympiad 2018"]
[Site "Konya"]
[Date "2018.11.25"]
[Round "1"]
[White "Urh, Zala"]
[Black "Divya Deshmukh"]
[Result "1-0"]
[WhiteElo "2066"]
[BlackElo "2180"]
[Annotator "NA"]
[PlyCount "71"]
[EventDate "2018.11.25"]
[EventType "team-tourn"]
[EventCountry "TUR"]
[SourceTitle "playchess.com"]
[Source "ChessBase"]
[SourceQuality "1"]
[WhiteTeam "Slovenia"]
[BlackTeam "India"]
[WhiteTeamCountry "SLO"]
[BlackTeamCountry "IND"]

1. d4 d5 2. c4 e6 3. Nc3 f5 4. Nf3 Nf6 5. Bg5 c6 6. e3 Be7 7. Bd3 O-O 8. O-O Ne4 9. Bxe7 Qxe7 10. Rc1 Nd7 11. Ne2 Rf6 12. a3 Rh6 13. b4 g5 14. Bxe4 dxe4 15. Ne5 Nf8 16. Qb3 Bd7 17. b5 c5 18. Rfd1 Be8 19. Ng3 Ng6 20. Rd2 cxd4 21. Nxg6 Bxg6 22. Rxd4 e5 23. c5+ Kh8 24. Rd6 Qf8 25. Qd5 Re8 26. Qxb7 Rh4 27. c6 f4 28. c7 Qxd6 29. c8=Q fxg3 30. hxg3 Rh5 31. Qcd7 Qf8 32. Rc8 Rxc8 33. Qbxc8 Qxc8 34. Qxc8+ Kg7 35. Qc7+ Kf6 36. Qxa7 1-0

[Event "World Youth U-16 Olympiad 2018"]
[Site "Konya"]
[Date "2018.11.25"]
[Round "1"]
[White "Aubert, Estee"]
[Black "Lopez Sanchez, Anastacia Antonia"]
[Result "1-0"]
[WhiteElo "2062"]
[BlackElo "1734"]
[Annotator "NA"]
[PlyCount "85"]
[EventDate "2018.11.25"]
[EventType "team-tourn"]
[EventCountry "TUR"]
[SourceTitle "playchess.com"]
[Source "ChessBase"]
[SourceQuality "1"]
[WhiteTeam "France"]
[BlackTeam "Mexico"]
[WhiteTeamCountry "FRA"]
[BlackTeamCountry "MEX"]

1. d4 g6 2. Bf4 Bg7 3. Nc3 e6 4. e4 Ne7 5. Qd2 h6 6. h4 h5 7. O-O-O d6 8. Nf3 a6 9. Ng5 Nbc6 10. Be3 b5 11. f3 e5 12. d5 Nb8 13. Be2 Nd7 14. Rdf1 Nb6 15. f4 f6 16. Ne6 Bxe6 17. dxe6 exf4 18. Rxf4 Qc8 19. Nd5 Nbxd5 20. exd5 Qb7 21. Bf3 f5 22. Qd3 Bh6 23. Rd4 Bxe3+ 24. Qxe3 O-O-O 25. Rhd1 Qb6 26. Qc3 Kb7 27. a4 Ra8 28. Rb4 Qc5 29. Qb3 Kc8 30. axb5 axb5 31. Rxb5 Qf2 32. Kb1 Qa7 33. c3 Rb8 34. Rxb8+ Qxb8 35. Qa4 c6 36. dxc6 Rd8 37. Qa6+ Kc7 38. Rd4 d5 39. Rb4 Qa8 40. Rb7+ Kd6 41. c7+ Ke5 42. Qe2+ Kf6 43. cxd8=Q 1-0

[Event "World Youth U-16 Olympiad 2018"]
[Site "Konya"]
[Date "2018.11.25"]
[Round "1"]
[White "Kong, Ren En"]
[Black "Pajeken, Jakob Leon"]
[Result "1-0"]
[WhiteElo "2059"]
[BlackElo "2314"]
[Annotator "NA"]
[PlyCount "91"]
[EventDate "2018.11.25"]
[EventType "team-tourn"]
[EventCountry "TUR"]
[SourceTitle "playchess.com"]
[Source "ChessBase"]
[SourceQuality "1"]
[WhiteTeam "Malaysia"]
[BlackTeam "Germany"]
[WhiteTeamCountry "MAS"]
[BlackTeamCountry "GER"]

1. d4 Nf6 2. c4 e6 3. Nc3 d5 4. cxd5 exd5 5. Bg5 Be7 6. e3 c6 7. Bd3 Nbd7 8. Nge2 Nf8 9. Qc2 Ne6 10. Bh4 g6 11. O-O O-O 12. f3 b6 13. Bf2 Nh5 14. Rfe1 Bb7 15. e4 Rc8 16. Rad1 Qc7 17. Qb3 Rfd8 18. a3 Bd6 19. g3 Qd7 20. Be3 dxe4 21. fxe4 c5 22. d5 Neg7 23. Kg2 Be5 24. Rf1 Rf8 25. Bc4 Rcd8 26. Nf4 Bc8 27. Rf3 g5 28. Nxh5 Qh3+ 29. Kg1 Qxh5 30. Rdf1 Rd6 31. R3f2 Qh3 32. Nb5 Rd7 33. d6 Qh5 34. Be2 Qg6 35. Bg4 Rb7 36. Bxc8 Rxc8 37. Qd5 Rd7 38. Qxe5 a6 39. Nc3 Re8 40. Qxg5 Rxd6 41. Qxg6 hxg6 42. Bf4 Rde6 43. Nd5 Nh5 44. Nc7 Nxf4 45. Rxf4 g5 46. Rf5 1-0